| 000 | 00706nam a2200217 a 4500 | ||
|---|---|---|---|
| 005 | 20170915095524.0 | ||
| 008 | 140314b1994 fr ||||r|||| 00| 0 fre d | ||
| 020 | _a270707123935 | ||
| 040 |
_aCO-BoIAVH _cCO-BoIAVH |
||
| 041 | 0 | _afre | |
| 044 | _afr | ||
| 082 | 0 | 4 |
_a333.70681 _bV86e |
| 100 | 1 |
_aVivien, Franck-Dominique _eautor |
|
| 245 | 1 | 0 |
_aÉconomie et ecologie / _cFranck-Dominique Vivien |
| 260 |
_aParís (Francia) : _bEditions La Decouverte, _c1994. |
||
| 300 |
_a122 páginas ; _c18 x 11 cm. |
||
| 504 | _aIncluye referencias bibliográficas. | ||
| 650 | 2 | 6 |
_aEcología _xAspectos económicos |
| 650 | 2 | 6 |
_aRecursos naturales _xAspectos económicos |
| 942 |
_cLIBRO _2ddc |
||
| 999 |
_c4269 _d4269 |
||